000 00461nam a2200145Ia 4500
003 OSt
005 20260123152122.0
008 211028s2016 xx 000 0 und d
040 _cAIMIT LIBRARY
041 _aeng
100 _aPereira, Suraj Stephen B;
_g1416145
_97564
245 _aInefficiency of working capital management: a case study with reference to Aditya birla chemicals (India) ltd /
260 _aMangalore
_bSwapna Rose.
_c2016
942 _2ddc
_cPRO
999 _c219132
_d219132